[Event "Take 5 2026.01"]
[Site "Montreal CAN"]
[Date "2026.01.10"]
[Round "3.4"]
[White "Kraiouchkine, Nikita"]
[Black "Duval, Mathieu"]
[Result "1-0"]
[WhiteElo "2261"]
[BlackElo "1923"]
[WhiteFideId "-1"]
[BlackFideId "-1"]
[PlyCount "49"]
[GameId "2267348061331487"]
[EventDate "2026.01.09"]
[EventType "swiss"]
[EventRounds "5"]
[EventCountry "CAN"]

1. e4 c6 2. d4 d5 3. f3 Qb6 4. Nc3 dxe4 5. fxe4 e5 6. Nf3 exd4 7. Nxd4 Nd7 8. Nf5 Qc7 9. Qd4 Ngf6 10. Bg5 Bc5 11. Nxg7+ Kf8 12. Qd2 Qe5 13. Bh6 Kg8 14. Be2 Bf8 15. Nf5 Nxe4 16. Nxe4 Qxf5 17. Bxf8 Nxf8 18. Bd3 Ng6 19. Rf1 Qe5 20. O-O-O Bf5 21. Ng5 Bxd3 22. Nxf7 Qd5 23. Qxd3 Qxa2 24. Nh6+ Kg7 25. Rf7+ 1-0

[Event "Take 5 2026.01"]
[Site "Montreal CAN"]
[Date "2026.01.10"]
[Round "3.6"]
[White "Iordanescu, Victor Nicolae"]
[Black "Vlasov, Alexander"]
[Result "1-0"]
[WhiteElo "1945"]
[BlackElo "1704"]
[WhiteFideId "-1"]
[BlackFideId "-1"]
[PlyCount "65"]
[GameId "2267348061335585"]
[EventDate "2026.01.09"]
[EventType "swiss"]
[EventRounds "5"]
[EventCountry "CAN"]

1. e4 e6 2. d4 d5 3. Nc3 dxe4 4. Nxe4 Nd7 5. Nf3 Ngf6 6. Bg5 Be7 7. Nxf6+ Nxf6 8. Bd3 c5 9. dxc5 Qa5+ 10. c3 Qxc5 11. Qe2 Bd7 12. Ne5 Ba4 13. O-O O-O 14. Bxf6 Bxf6 15. Qe4 g6 16. Ng4 Bc6 17. Nxf6+ Kg7 18. Qh4 h6 19. Ng4 h5 20. Qf6+ Kh7 21. Ne5 Qd5 22. f3 Be8 23. Rad1 Qc5+ 24. Kh1 Rc8 25. Nd7 Bxd7 26. Bxg6+ fxg6 27. Rxd7+ Kh6 28. Qg7+ Kg5 29. h4+ Kf5 30. Rf7+ Rxf7 31. Qxf7+ Ke5 32. Re1+ Kd5 33. Qxe6# 1-0

[Event "Take 5 2026.01"]
[Site "Montreal CAN"]
[Date "2026.01.10"]
[Round "3.7"]
[White "Nassif, Aba"]
[Black "Harper, Jonathan"]
[Result "0-1"]
[WhiteElo "1932"]
[BlackElo "1710"]
[WhiteFideId "-1"]
[BlackFideId "-1"]
[PlyCount "80"]
[GameId "2267348061335586"]
[EventDate "2026.01.09"]
[EventType "swiss"]
[EventRounds "5"]
[EventCountry "CAN"]

1. d4 d5 2. Nc3 Nf6 3. Bf4 e6 4. Nb5 Na6 5. e3 Be7 6. Nf3 O-O 7. Ne5 c5 8. Be2 Nb8 9. a4 a6 10. Nc3 Nc6 11. Nxc6 bxc6 12. a5 cxd4 13. exd4 Bb4 14. O-O Bxa5 15. Na4 Bc7 16. Bxc7 Qxc7 17. Nc5 Nd7 18. Nxa6 Bxa6 19. Bxa6 Qb6 20. Qd3 Nb8 21. Qxh7+ Kxh7 22. Bd3+ Kg8 23. Rxa8 Qxb2 24. g4 Qxd4 25. h3 c5 26. Rd1 Qc3 27. Bb5 Nd7 28. Ra2 Qxh3 29. Rd3 Qxg4+ 30. Rg3 Qd1+ 31. Kg2 Qb1 32. Ra5 Nf6 33. c3 c4 34. Ba4 Rb8 35. Rh3 Ne4 36. Rf3 Nxc3 37. Bd7 Ne2 38. Re3 Qg1+ 39. Kf3 Nd4+ 40. Kf4 Qxf2+ 0-1

[Event "Take 5 2026.01"]
[Site "Montreal CAN"]
[Date "2026.01.11"]
[Round "4.1"]
[White "Both, Aaron"]
[Black "Rodrigue-Lemieux, Shawn"]
[Result "0-1"]
[WhiteElo "1992"]
[BlackElo "2600"]
[WhiteFideId "-1"]
[BlackFideId "-1"]
[PlyCount "104"]
[GameId "2267348061335587"]
[EventDate "2026.01.09"]
[EventType "swiss"]
[EventRounds "5"]
[EventCountry "CAN"]

1. e4 c6 2. d4 d5 3. f3 e6 4. Nc3 Bb4 5. Bf4 Ne7 6. Qd2 b6 7. a3 Bxc3 8. Qxc3 Ba6 9. Bxa6 Nxa6 10. h4 Rc8 11. O-O-O c5 12. dxc5 O-O 13. h5 Nxc5 14. h6 d4 15. Qe1 g6 16. Kb1 Nc6 17. e5 Qd5 18. Qh4 f6 19. exf6 d3 20. cxd3 Qb3 21. Ne2 Nxd3 22. Rd2 e5 23. Rhd1 Nxf4 24. Nxf4 exf4 25. Qxf4 Nd8 26. Rd7 Nf7 27. g4 a5 28. g5 Rc5 29. R1d3 Qe6 30. Re7 Qf5 31. Qxf5 Rxf5 32. Rb3 Nxg5 33. Rg7+ Kh8 34. Rxb6 R5xf6 35. Rxf6 Rxf6 36. Ra7 Kg8 37. Rxa5 Nxf3 38. b4 g5 39. Ra8+ Kf7 40. Ra7+ Kg6 41. Kc1 Kxh6 42. b5 Nd4 43. a4 g4 44. Rd7 g3 45. Rxd4 g2 46. Rg4 Rg6 47. Rxg2 Rxg2 48. b6 Rg4 49. a5 Rb4 50. Kc2 Rb5 51. Kc3 Rxa5 52. Kc4 Ra8 0-1

[Event "Take 5 2026.01"]
[Site "Montreal CAN"]
[Date "2026.01.11"]
[Round "4.2"]
[White "Turcotte, Jonathan"]
[Black "Kraiouchkine, Nikita"]
[Result "1/2-1/2"]
[WhiteElo "1948"]
[BlackElo "2261"]
[WhiteFideId "-1"]
[BlackFideId "-1"]
[PlyCount "132"]
[GameId "2267348061339684"]
[EventDate "2026.01.09"]
[EventType "swiss"]
[EventRounds "5"]
[EventCountry "CAN"]

1. d4 d5 2. c4 c6 3. Nf3 Nf6 4. e3 Bf5 5. Nc3 e6 6. Nh4 Be4 7. f3 Bg6 8. Qb3 Qb6 9. Nxg6 hxg6 10. Bd2 Nbd7 11. g3 Bd6 12. Kf2 O-O 13. c5 Qxb3 14. axb3 Bc7 15. f4 b5 16. Ra6 Nb8 17. Ra2 Nbd7 18. Bd3 b4 19. Ne2 a5 20. Kf3 Rad8 21. h4 Ne4 22. Bxe4 dxe4+ 23. Kxe4 Nxc5+ 24. dxc5 Rxd2 25. Nd4 Re8 26. Nxc6 f5+ 27. Kf3 Rc2 28. Nxa5 e5 29. fxe5 Bxa5 30. Rxa5 Rxe5 31. Rd1 Rxb2 32. Rd3 Rc2 33. Rb5 Rcxc5 34. Rxb4 Re7 35. Rc4 Rce5 36. b4 Kf7 37. Rb3 Rb5 38. Rc5 Rb6 39. b5 Ree6 40. Rb4 Kf6 41. Kf4 Rbd6 42. e4 Rb6 43. exf5 gxf5 44. Rxf5+ Kg6 45. g4 Re1 46. h5+ Kh7 47. Rc5 Rf1+ 48. Kg5 Rd1 49. Rf5 Re1 50. Kf4 g6 51. hxg6+ Kxg6 52. Rc5 Rf6+ 53. Rf5 Rfe6 54. b6 Rf1+ 55. Kg3 Rg1+ 56. Kf3 Ree1 57. Rb2 Rgf1+ 58. Kg3 Rg1+ 59. Rg2 Rxg2+ 60. Kxg2 Rb1 61. Kg3 Rxb6 62. Ra5 Kg7 63. Kh4 Rh6+ 64. Rh5 Rxh5+ 65. gxh5 Kh7 66. Kg5 Kg7 1/2-1/2

[Event "Take 5 2026.01"]
[Site "Montreal CAN"]
[Date "2026.01.11"]
[Round "4.3"]
[White "Berube, Antoine"]
[Black "Iordanescu, Victor Nicolae"]
[Result "1-0"]
[WhiteElo "2232"]
[BlackElo "1945"]
[WhiteFideId "-1"]
[BlackFideId "-1"]
[PlyCount "67"]
[GameId "2267348061339685"]
[EventDate "2026.01.09"]
[EventType "swiss"]
[EventRounds "5"]
[EventCountry "CAN"]

1. d4 Nf6 2. c4 e6 3. Nf3 h6 4. g3 Bb4+ 5. Nbd2 b6 6. Bg2 Bb7 7. O-O O-O 8. a3 Be7 9. Qc2 d5 10. Ne5 c5 11. dxc5 bxc5 12. cxd5 exd5 13. Nd3 Nbd7 14. b3 Rc8 15. Bb2 Qc7 16. Rac1 a5 17. Rfe1 Rfd8 18. e4 dxe4 19. Nxe4 a4 20. b4 c4 21. Nxf6+ Nxf6 22. Bxf6 Bxf6 23. Bxb7 Qxb7 24. Nc5 Rxc5 25. bxc5 c3 26. Qxa4 Rd2 27. Qe8+ Kh7 28. Qe4+ Qxe4 29. Rxe4 c2 30. c6 Rd1+ 31. Re1 Rd2 32. c7 Bd4 33. c8=Q Rxf2 34. Kh1 1-0

[Event "Take 5 2026.01"]
[Site "Montreal CAN"]
[Date "2026.01.11"]
[Round "4.4"]
[White "McCartney, Steven"]
[Black "Pomerantz, Daniel"]
[Result "0-1"]
[WhiteElo "1814"]
[BlackElo "2053"]
[WhiteFideId "-1"]
[BlackFideId "-1"]
[PlyCount "96"]
[GameId "2267348061339686"]
[EventDate "2026.01.09"]
[EventType "swiss"]
[EventRounds "5"]
[EventCountry "CAN"]

1. d4 Nf6 2. Bg5 g6 3. Bxf6 exf6 4. e4 d5 5. exd5 Qxd5 6. Nf3 Bd6 7. Nbd2 O-O 8. Be2 c6 9. O-O Nd7 10. Re1 f5 11. Bc4 Qa5 12. c3 Qd8 13. Ne5 Bxe5 14. dxe5 Nc5 15. Nf3 Be6 16. Bxe6 Nxe6 17. Nd4 Nxd4 18. Qxd4 Qxd4 19. cxd4 Rad8 20. Rad1 Rd5 21. e6 Re8 22. exf7+ Kxf7 23. Kf1 Red8 24. Rd2 Rxd4 25. Rde2 R8d7 26. f3 Rd2 27. Kf2 Rxe2+ 28. Rxe2 Kf6 29. f4 c5 30. h4 b6 31. g3 Kg7 32. Kf3 Kh6 33. Kg2 c4 34. Rc2 b5 35. a3 Rc7 36. Kh3 a5 37. Kg2 b4 38. axb4 axb4 39. Rc1 Kh5 40. Kh3 c3 41. bxc3 bxc3 42. Rc2 Rc6 43. Rc1 c2 44. Kg2 Kg4 45. h5 Rc3 46. hxg6 hxg6 47. Kh2 Kf3 48. Kh3 Ke2 0-1

[Event "Take 5 2026.01"]
[Site "Montreal CAN"]
[Date "2026.01.11"]
[Round "4.5"]
[White "Zhang, Hou Han"]
[Black "Vlasov, Alexander"]
[Result "0-1"]
[WhiteElo "1872"]
[BlackElo "1704"]
[WhiteFideId "-1"]
[BlackFideId "-1"]
[PlyCount "98"]
[GameId "2267348061343783"]
[EventDate "2026.01.09"]
[EventType "swiss"]
[EventRounds "5"]
[EventCountry "CAN"]

1. Nf3 e6 2. g3 d5 3. Bg2 Nf6 4. O-O Be7 5. c4 c6 6. d4 O-O 7. Nc3 Nbd7 8. cxd5 exd5 9. Bg5 h6 10. Bxf6 Nxf6 11. Qc2 Qb6 12. a3 a5 13. e3 Bd6 14. Rfb1 g6 15. Nh4 Kg7 16. Re1 Re8 17. e4 dxe4 18. Nxe4 Nxe4 19. Bxe4 g5 20. Nf3 Bg4 21. Qd3 Re6 22. Bf5 Bxf5 23. Qxf5 Rae8 24. Rxe6 Rxe6 25. h4 gxh4 26. Qg4+ Rg6 27. Qxh4 Qxb2 28. Re1 Qxa3 29. Qe4 Qb3 30. Nh4 Re6 31. Qg4+ Kf8 32. Rxe6 Qxe6 33. Nf5 a4 34. Qg7+ Ke8 35. Qg8+ Kd7 36. Ne3 a3 37. Qa8 Qb3 38. d5 cxd5 39. Qg8 a2 40. Qxf7+ Kc6 41. Qe8+ Kc7 42. Qf7+ Kb6 43. Qf6 Qb1+ 44. Kh2 a1=Q 45. Qxd6+ Ka7 46. Qc5+ Qb6 47. Qf8 d4 48. Nd5 Qc6 49. Qf7 Qa2 0-1

[Event "Take 5 2026.01"]
[Site "Montreal CAN"]
[Date "2026.01.11"]
[Round "4.6"]
[White "Duval, Mathieu"]
[Black "Robillard, Guillaume"]
[Result "0-1"]
[WhiteElo "1923"]
[BlackElo "1602"]
[WhiteFideId "-1"]
[BlackFideId "-1"]
[PlyCount "102"]
[GameId "2267348061343784"]
[EventDate "2026.01.09"]
[EventType "swiss"]
[EventRounds "5"]
[EventCountry "CAN"]

1. d4 Nf6 2. c4 d6 3. Nf3 Nbd7 4. Nc3 e5 5. e4 c6 6. Be2 exd4 7. Nxd4 g6 8. O-O Bg7 9. Bf4 Ne5 10. Nf3 Nh5 11. Be3 Nf6 12. Qc2 Qe7 13. Rad1 Bg4 14. Nxe5 Bxe2 15. Qxe2 dxe5 16. a3 O-O 17. b4 Qe6 18. Bc5 Rfd8 19. f3 b6 20. Be3 Nh5 21. c5 Nf4 22. Qc2 b5 23. g3 Nh5 24. Ne2 Bf6 25. Nc1 a5 26. Bd2 axb4 27. Bxb4 Bg5 28. Rd6 Qh3 29. Re1 Rac8 30. Nd3 Rxd6 31. cxd6 Qe6 32. Qc5 f6 33. Nf2 Bh6 34. Rd1 Bf8 35. Qb6 Qd7 36. Nd3 Bxd6 37. Nxe5 Bc5+ 38. Qxc5 Qxd1+ 39. Kg2 Qe2+ 40. Kh3 fxe5 41. Qxe5 Qf1+ 42. Kh4 Qc4 43. Bc3 Kf7 44. Ba1 Qe6 45. Qc5 Qe7+ 46. Qxe7+ Kxe7 47. Kg5 Kf7 48. Kh6 Kg8 49. Be5 Rf8 50. f4 Nf6 51. f5 Ng4+ 0-1

[Event "Take 5 2026.01"]
[Site "Montreal CAN"]
[Date "2026.01.11"]
[Round "5.1"]
[White "Rodrigue-Lemieux, Shawn"]
[Black "Berube, Antoine"]
[Result "1-0"]
[WhiteElo "2525"]
[BlackElo "2232"]
[WhiteFideId "-1"]
[BlackFideId "-1"]
[PlyCount "109"]
[GameId "2267348061343785"]
[EventDate "2026.01.09"]
[EventType "swiss"]
[EventRounds "5"]
[EventCountry "CAN"]

1. e4 c5 2. Nf3 Nc6 3. Bb5 d5 4. Nc3 dxe4 5. Nxe4 Nf6 6. Qe2 Nxe4 7. Bxc6+ bxc6 8. Qxe4 Qd5 9. d3 Bf5 10. Qe2 Bg4 11. Be3 g6 12. h3 Bxf3 13. Qxf3 Bg7 14. Qxd5 cxd5 15. Bxc5 Bxb2 16. Rb1 Bf6 17. Rb7 O-O 18. Kd2 Bg5+ 19. Ke2 Rfc8 20. d4 Rc6 21. Rhb1 e5 22. c3 exd4 23. Rb8+ Rxb8 24. Rxb8+ Kg7 25. cxd4 Ra6 26. a3 Bc1 27. Rb3 Bf4 28. Rb7 Bc1 29. Rb3 Bf4 30. Kd3 Bc7 31. Rb7 Bb6 32. Kc3 Ra4 33. Bb4 Kf6 34. Kb3 Ra6 35. Bc5 Bxc5 36. dxc5 Ke6 37. Rb8 Rc6 38. Kb4 a6 39. a4 h5 40. Re8+ Kf6 41. h4 Kf5 42. a5 Kf6 43. Rb8 Ke7 44. Rb7+ Ke6 45. g3 d4 46. Kc4 d3 47. Rb3 Kd7 48. Rxd3+ Kc7 49. Re3 Rf6 50. f4 Kc6 51. Re5 Kd7 52. Kd5 Kc7 53. Re7+ Kd8 54. Rb7 Kc8 55. Rb6 1-0

[Event "Take 5 2026.01"]
[Site "Montreal CAN"]
[Date "2026.01.11"]
[Round "5.2"]
[White "Kraiouchkine, Nikita"]
[Black "Both, Aaron"]
[Result "1-0"]
[WhiteElo "2261"]
[BlackElo "1992"]
[WhiteFideId "-1"]
[BlackFideId "-1"]
[PlyCount "71"]
[GameId "2267348061347882"]
[EventDate "2026.01.09"]
[EventType "swiss"]
[EventRounds "5"]
[EventCountry "CAN"]

1. e4 c5 2. Nf3 d6 3. d4 cxd4 4. Nxd4 Nf6 5. Nc3 a6 6. Bc4 e6 7. O-O Be7 8. a4 Qc7 9. Ba2 Bd7 10. f4 Nc6 11. Kh1 Rc8 12. f5 e5 13. Ne6 fxe6 14. fxe6 Nd4 15. Rxf6 Bxf6 16. Nd5 Qxc2 17. exd7+ Kxd7 18. Qg4+ Kd8 19. Bg5 Qxb2 20. Rg1 Qf2 21. Bxf6+ gxf6 22. Qg7 Re8 23. Bb1 Ne6 24. Qxb7 Qc5 25. Qf7 Rb8 26. Bd3 Nc7 27. Nxf6 Re7 28. Qf8+ Ne8 29. Bxa6 Rb2 30. Nd5 Re6 31. Bb5 Rxb5 32. axb5 Qxb5 33. h3 Rg6 34. Qe7+ Kc8 35. Rc1+ Kb8 36. Qd8+ 1-0

[Event "Take 5 2026.01"]
[Site "Montreal CAN"]
[Date "2026.01.11"]
[Round "5.3"]
[White "Pomerantz, Daniel"]
[Black "Turcotte, Jonathan"]
[Result "0-1"]
[WhiteElo "2053"]
[BlackElo "1948"]
[WhiteFideId "-1"]
[BlackFideId "-1"]
[PlyCount "108"]
[GameId "2267348061347883"]
[EventDate "2026.01.09"]
[EventType "swiss"]
[EventRounds "5"]
[EventCountry "CAN"]

1. e4 c6 2. d4 d5 3. e5 Bf5 4. Nf3 e6 5. Be2 Ne7 6. c3 Ng6 7. O-O f6 8. Bd3 Bxd3 9. Qxd3 fxe5 10. dxe5 Nd7 11. Re1 Bc5 12. Nd4 Qe7 13. f4 O-O 14. g3 Bb6 15. Be3 c5 16. Nf3 c4 17. Qe2 Nc5 18. Bxc5 Bxc5+ 19. Kh1 h6 20. Nbd2 b5 21. Nf1 Qf7 22. Ne3 Ne7 23. Rad1 g5 24. Ng2 Ng6 25. Nd4 gxf4 26. Nxf4 Nxf4 27. gxf4 Bxd4 28. Rxd4 a5 29. Rg1+ Kh7 30. Qe3 Qf5 31. b3 Rg8 32. Rdd1 Rxg1+ 33. Rxg1 Rf8 34. bxc4 bxc4 35. Qg3 Qf7 36. Rf1 Qg6 37. Qh3 Qe4+ 38. Qg2 Rxf4 39. Qxe4+ Rxe4 40. Rf7+ Kg8 41. Rf6 Rxe5 42. Rxh6 Re2 43. Kg1 Kg7 44. Rh3 Rxa2 45. Re3 Kf6 46. h4 Rb2 47. Rf3+ Kg7 48. Rg3+ Kh7 49. Re3 a4 50. Rxe6 a3 51. Re7+ Kh6 52. Re6+ Kh5 53. Re5+ Kxh4 54. Rxd5 a2 0-1

[Event "Take 5 2026.01"]
[Site "Montreal CAN"]
[Date "2026.01.11"]
[Round "5.4"]
[White "Robillard, Guillaume"]
[Black "Iordanescu, Victor Nicolae"]
[Result "0-1"]
[WhiteElo "1602"]
[BlackElo "1945"]
[WhiteFideId "-1"]
[BlackFideId "-1"]
[PlyCount "66"]
[GameId "2267348061347884"]
[EventDate "2026.01.09"]
[EventType "swiss"]
[EventRounds "5"]
[EventCountry "CAN"]

1. e4 c5 2. Nf3 Nc6 3. Bb5 g6 4. O-O Bg7 5. Re1 e5 6. Nc3 Nge7 7. d3 O-O 8. Bg5 d6 9. Nd5 f6 10. Nxe7+ Qxe7 11. Bc4+ Be6 12. Bxe6+ Qxe6 13. Be3 f5 14. exf5 gxf5 15. d4 cxd4 16. Bxd4 Rad8 17. Qe2 Nxd4 18. Nxd4 Qg6 19. Nb5 d5 20. Nxa7 f4 21. Kh1 e4 22. c3 f3 23. gxf3 Rxf3 24. Nb5 Kh8 25. Nd4 Bxd4 26. cxd4 Qf6 27. Rac1 Qh4 28. Rf1 Rdf8 29. Rc2 e3 30. Rc3 Rxf2 31. Rxf2 Rxf2 32. Rc8+ Kg7 33. Rc7+ Kg6 0-1

[Event "Take 5 2026.01"]
[Site "Montreal CAN"]
[Date "2026.01.11"]
[Round "5.5"]
[White "Vlasov, Alexander"]
[Black "Nassif, Aba"]
[Result "0-1"]
[WhiteElo "1704"]
[BlackElo "1932"]
[WhiteFideId "-1"]
[BlackFideId "-1"]
[PlyCount "58"]
[GameId "2267348061347885"]
[EventDate "2026.01.09"]
[EventType "swiss"]
[EventRounds "5"]
[EventCountry "CAN"]

1. e4 c5 2. Nf3 a6 3. d4 cxd4 4. Nxd4 e5 5. Nf3 Nf6 6. Bc4 Qc7 7. Bd5 Nc6 8. O-O Bc5 9. Bg5 Nxd5 10. exd5 Ne7 11. Re1 d6 12. c4 O-O 13. Nbd2 Ng6 14. Be3 Nf4 15. Bxf4 exf4 16. Re4 Qb6 17. Rxf4 Bxf2+ 18. Kf1 Be3 19. Rh4 Bf5 20. Nb3 Rfe8 21. g3 g5 22. Nfd4 Bg6 23. Rh6 Re4 24. c5 dxc5 25. Qf3 cxd4 26. Kg2 g4 27. Rxg6+ Qxg6 28. Qf1 Re5 29. Nc5 Qc2+ 0-1

[Event "Take 5 2026.01"]
[Site "Montreal CAN"]
[Date "2026.01.11"]
[Round "5.6"]
[White "Lapalme, Gabriel"]
[Black "Zhang, Hou Han"]
[Result "0-1"]
[WhiteElo "1691"]
[BlackElo "1872"]
[WhiteFideId "-1"]
[BlackFideId "-1"]
[PlyCount "162"]
[GameId "2267348061351982"]
[EventDate "2026.01.09"]
[EventType "swiss"]
[EventRounds "5"]
[EventCountry "CAN"]

1. e4 c5 2. Nf3 Nc6 3. d4 cxd4 4. Nxd4 g6 5. Nc3 Bg7 6. Be3 Nf6 7. Qd2 O-O 8. O-O-O d5 9. Nxc6 bxc6 10. exd5 cxd5 11. Nxd5 Nxd5 12. Qxd5 Qc7 13. Bd4 Be6 14. Qc5 Qf4+ 15. Be3 Qa4 16. Qa3 Bxb2+ 17. Qxb2 Rab8 18. Rd4 Qa5 19. Bd2 Qe5 20. Rb4 Qd6 21. a3 a5 22. Bf4 Rxb4 23. Qxb4 Qd5 24. Qxe7 Rc8 25. Bd3 Qxd3 26. Qe8+ Rxe8 27. cxd3 Rc8+ 28. Kd2 Kf8 29. Bd6+ Ke8 30. d4 Kd7 31. Bc5 Rb8 32. Kc3 Rb3+ 33. Kc2 a4 34. h3 Bf5+ 35. Kd2 Kc6 36. Re1 Rd3+ 37. Ke2 Kd5 38. g4 Be4 39. Rd1 Rxh3 40. Rg1 f5 41. gxf5 gxf5 42. Rg3 Rh1 43. f3 Bb1 44. Ke3 Rh4 45. Rg2 Rh1 46. Rb2 h5 47. Rg2 h4 48. Kf2 h3 49. Rg1 Rxg1 50. Kxg1 f4 51. Ba7 Kc4 52. Bb8 Kb3 53. Bd6 Bf5 54. d5 Bc8 55. Bb4 Kc4 56. d6 Kd3 57. Kf2 Bd7 58. Bc5 Bc6 59. Bb6 Kc4 60. Bd8 Kb3 61. Be7 Bd7 62. Bg5 Kxa3 63. Bxf4 Kb2 64. Kg3 a3 65. Be5+ Kb1 66. f4 a2 67. Kh2 a1=Q 68. Bxa1 Kxa1 69. Kg3 Kb2 70. Kf3 Kc3 71. Kf2 Kd4 72. Kf3 Kd5 73. Kg3 Kxd6 74. Kf2 Kd5 75. Kf3 Bf5 76. Kf2 Ke4 77. Kg3 Ke3 78. Kh2 Kxf4 79. Kh1 Kg3 80. Kg1 h2+ 81. Kh1 Be4# 0-1

[Event "Take 5 2026.01"]
[Site "Montreal CAN"]
[Date "2026.01.11"]
[Round "5.7"]
[White "Duval, Mathieu"]
[Black "Harper, Jonathan"]
[Result "1/2-1/2"]
[WhiteElo "1923"]
[BlackElo "1710"]
[WhiteFideId "-1"]
[BlackFideId "-1"]
[PlyCount "48"]
[GameId "2267348061351983"]
[EventDate "2026.01.09"]
[EventType "swiss"]
[EventRounds "5"]
[EventCountry "CAN"]

1. d4 d5 2. c4 c6 3. Nf3 Nf6 4. e3 e6 5. Bd3 Nbd7 6. Nbd2 dxc4 7. Bxc4 c5 8. O-O Be7 9. a3 O-O 10. Re1 b6 11. b3 Bb7 12. Bd3 cxd4 13. exd4 Nd5 14. Ne4 N7f6 15. Ng3 Rc8 16. Qd2 h6 17. Bb2 Bd6 18. Ne5 a5 19. Rad1 Qe7 20. Nc4 Bf4 21. Qe2 Bb8 22. Qd2 Bf4 23. Qe2 Bb8 24. Qd2 Bf4 1/2-1/2

[Event "Take 5 2026.01 U1800"]
[Site "Montreal CAN"]
[Date "2026.01.09"]
[Round "1.10"]
[White "Ouageunouni, Chakib"]
[Black "Malek, Ahmadi"]
[Result "0-1"]
[WhiteElo "1272"]
[BlackElo "1629"]
[WhiteFideId "-1"]
[BlackFideId "-1"]
[PlyCount "112"]
[GameId "2267348061351984"]
[EventDate "2026.01.09"]
[EventType "swiss"]
[EventRounds "5"]
[EventCountry "CAN"]

1. e4 c6 2. d4 d5 3. e5 c5 4. c3 Nc6 5. Bb5 Bd7 6. Nf3 cxd4 7. cxd4 e6 8. O-O Nge7 9. Nc3 Nf5 10. a3 Rc8 11. Re1 Be7 12. Qa4 a6 13. Bxc6 Rxc6 14. Qd1 O-O 15. Qd3 Qb6 16. Rb1 Rfc8 17. Be3 Rc4 18. g4 Nxe3 19. fxe3 a5 20. Kf2 a4 21. h4 Qa5 22. Ra1 b5 23. Rec1 b4 24. axb4 Qxb4 25. Rc2 Bb5 26. Qd2 Qa5 27. Rac1 Bb4 28. Ng1 a3 29. Nge2 axb2 30. Rb1 Bxc3 31. Nxc3 Rxc3 32. Rcxb2 Ba4 33. Kf3 Qc7 34. Rb7 Qc6 35. R7b6 Qc4 36. R1b2 Qf1+ 37. Qf2 Bd1+ 38. Kg3 Qxf2+ 39. Rxf2 Rxe3+ 40. Kh2 Rf8 41. Rf4 Re4 42. Rxe4 dxe4 43. g5 f6 44. Rb1 Bc2 45. Rb2 Bd3 46. gxf6 gxf6 47. Rg2+ Kh8 48. Rf2 f5 49. Rf4 e3 50. Kg2 Rg8+ 51. Kf3 e2 52. Kf2 Rg1 53. Kxg1 e1=Q+ 54. Kg2 Be4+ 55. Kh3 Qh1+ 56. Kg3 Qg2# 0-1

[Event "Take 5 2026.01 U1800"]
[Site "Montreal CAN"]
[Date "2026.01.09"]
[Round "1.11"]
[White "Gamache, Lucien"]
[Black "Ghani, Sajid"]
[Result "1-0"]
[WhiteElo "1591"]
[BlackElo "1214"]
[WhiteFideId "-1"]
[BlackFideId "-1"]
[PlyCount "93"]
[GameId "2267348061356081"]
[EventDate "2026.01.09"]
[EventType "swiss"]
[EventRounds "5"]
[EventCountry "CAN"]

1. d4 c6 2. e4 d5 3. Nc3 dxe4 4. Nxe4 Bf5 5. Ng3 Bg6 6. Nf3 e6 7. h4 h6 8. h5 Bh7 9. Bd3 Bd6 10. Bxh7 Rxh7 11. Qd3 Nf6 12. Ne4 Rh8 13. Bd2 Nxe4 14. Qxe4 Nd7 15. O-O-O Nf6 16. Qe2 Qb6 17. c4 Bb4 18. Kb1 Ba3 19. Bc3 a5 20. c5 Qb5 21. Qxb5 cxb5 22. bxa3 b4 23. axb4 axb4 24. Bxb4 Ra4 25. g3 Nd5 26. Kb2 f6 27. Kb3 Ra6 28. Nd2 Kd7 29. Nc4 Rha8 30. Nb6+ Nxb6 31. cxb6 Rxb6 32. d5 e5 33. d6 Rg8 34. Rc1 g5 35. Rc7+ Ke6 36. Re7+ Kf5 37. Rd1 Rd8 38. d7 Re6 39. Rxe6 Kxe6 40. Rd6+ Ke7 41. g4 Rxd7 42. Rxd7+ Kxd7 43. Bf8 Ke6 44. Bxh6 e4 45. Kc4 Ke5 46. Bg7 b6 47. h6 1-0

[Event "Take 5 2026.01 U1800"]
[Site "Montreal CAN"]
[Date "2026.01.09"]
[Round "1.12"]
[White "Gentile, Sergio"]
[Black "Gauthier, Luc"]
[Result "0-1"]
[WhiteElo "1179"]
[BlackElo "1496"]
[WhiteFideId "-1"]
[BlackFideId "-1"]
[PlyCount "58"]
[GameId "2267348061360178"]
[EventDate "2026.01.09"]
[EventType "swiss"]
[EventRounds "5"]
[EventCountry "CAN"]

1. d4 d5 2. Nc3 Nf6 3. Nf3 g6 4. Bg5 Bg7 5. e3 Bg4 6. h3 Bxf3 7. Qxf3 c6 8. Bd3 Nbd7 9. O-O-O O-O 10. Rhe1 b5 11. e4 b4 12. Na4 Qa5 13. b3 dxe4 14. Bxe4 Qxg5+ 15. Kb1 Nd5 16. c4 bxc3 17. Nxc3 e6 18. Bc2 Qd8 19. Nxd5 cxd5 20. g4 Qa5 21. Re3 Rfc8 22. g5 Rc7 23. Qf4 Rac8 24. Rf3 Rxc2 25. Qxf7+ Kh8 26. a4 Qc7 27. Qxe6 Rc1+ 28. Rxc1 Qxc1+ 29. Ka2 Rc2# 0-1

[Event "Take 5 2026.01 U1800"]
[Site "Montreal CAN"]
[Date "2026.01.09"]
[Round "1.13"]
[White "Lebon, Guillaume"]
[Black "Loder, Christopher"]
[Result "1-0"]
[WhiteElo "1413"]
[BlackElo "1138"]
[WhiteFideId "-1"]
[BlackFideId "-1"]
[PlyCount "61"]
[GameId "2267348061364275"]
[EventDate "2026.01.09"]
[EventType "swiss"]
[EventRounds "5"]
[EventCountry "CAN"]

1. e4 d6 2. d4 c6 3. c4 Nf6 4. Nc3 Nbd7 5. Nf3 e5 6. d5 cxd5 7. cxd5 Nc5 8. h3 Ncxe4 9. Nxe4 Nxe4 10. Qa4+ Bd7 11. Qxe4 Be7 12. Be2 O-O 13. O-O Rc8 14. Be3 a6 15. Rac1 Rxc1 16. Rxc1 f5 17. Qb4 f4 18. Bb6 Qe8 19. Bd3 Qf7 20. Be4 Bf5 21. Rc7 Rc8 22. Bxf5 Qxf5 23. Rxe7 Rc1+ 24. Ne1 Qb1 25. Ba5 b6 26. Qxb6 Rc8 27. Bc3 Qf5 28. Qxd6 Qf6 29. Qxe5 Qxe5 30. Bxe5 Kf8 31. d6 1-0

[Event "Take 5 2026.01 U1800"]
[Site "Montreal CAN"]
[Date "2026.01.09"]
[Round "1.14"]
[White "Coquilla, Konner-Virgo"]
[Black "Rebhi, Mohamed"]
[Result "1-0"]
[WhiteElo "1137"]
[BlackElo "1395"]
[WhiteFideId "-1"]
[BlackFideId "-1"]
[PlyCount "77"]
[GameId "2267348061364276"]
[EventDate "2026.01.09"]
[EventType "swiss"]
[EventRounds "5"]
[EventCountry "CAN"]

1. d4 Nf6 2. c4 d5 3. Nf3 e6 4. g3 Be7 5. Bg2 b6 6. O-O Bb7 7. Ne5 O-O 8. h3 Nbd7 9. f4 Ne4 10. Kh2 f6 11. Ng4 h5 12. Nf2 f5 13. cxd5 Bxd5 14. Nc3 Ndf6 15. Nxd5 Qxd5 16. e3 g6 17. Nd3 Kg7 18. Bd2 Rad8 19. Ne5 Qd6 20. Rc1 Nxd2 21. Qxd2 Ne4 22. Bxe4 fxe4 23. Rc6 Qd5 24. Rxc7 Kf6 25. Rxa7 Rc8 26. Nd7+ Kf7 27. Nxf8 Kxf8 28. Rc1 Rc4 29. Rxc4 Qxc4 30. Kg2 Bb4 31. Qd1 b5 32. a3 Be7 33. Kf2 Kf7 34. Qe2 Qb3 35. Rb7 Kf6 36. Qxb5 Qd1 37. Qg5+ Kg7 38. Qxe7+ Kh6 39. Qg5# 1-0

[Event "Take 5 2026.01 U1800"]
[Site "Montreal CAN"]
[Date "2026.01.09"]
[Round "1.15"]
[White "Harika, Rodolph"]
[Black "Bradley, Dave"]
[Result "1-0"]
[WhiteElo "1334"]
[BlackElo "991"]
[WhiteFideId "-1"]
[BlackFideId "-1"]
[PlyCount "53"]
[GameId "2267348061368373"]
[EventDate "2026.01.09"]
[EventType "swiss"]
[EventRounds "5"]
[EventCountry "CAN"]

1. e4 d6 2. d4 Nf6 3. Nc3 g6 4. Nf3 Bg7 5. Bc4 O-O 6. O-O c6 7. e5 Nfd7 8. exd6 exd6 9. Re1 d5 10. Bd3 Re8 11. Bf4 a6 12. a4 c5 13. Nxd5 cxd4 14. Rxe8+ Qxe8 15. Nc7 Qd8 16. Nxa8 Nc6 17. Nc7 Nc5 18. Qe2 Nxd3 19. cxd3 h6 20. Re1 Bd7 21. Nd5 Kh7 22. Ne5 Be6 23. Nxc6 bxc6 24. Nc7 Bb3 25. Be5 Qd7 26. Bxg7 Kxg7 27. Qe5+ 1-0